| 000 | 00732nam a2200241 a 4500 | ||
|---|---|---|---|
| 001 | BRCA_5084 | ||
| 005 | 20190320204930.0 | ||
| 008 | 111110s1935----au-a######---#000-0#ger-# | ||
| 041 | _ager | ||
| 044 | _aau | ||
| 050 | 4 |
_aNE654.D8 _b.W34 1935 |
|
| 100 | 1 |
_aWaetzoldt, Wilhelm _912955 |
|
| 245 | 1 | 0 |
_aDürer und Seine Zeit _cWilhelm Waetzoldt. |
| 260 |
_aViena, Austria _bPhaidon _c1935 |
||
| 300 |
_a592 p. _bil. (algunas a color), 264 láminas _c27 cm. |
||
| 500 | _aIncluye índice de ilustraciones, índice geográfico e índice analítico | ||
| 500 | _aD132 | ||
| 600 | 1 | 4 |
_aDurero, Alberto _d1741-1528 _912956 |
| 650 | 1 | 4 |
_aGrabadores alemanes _97216 |
| 650 | 1 | 4 |
_aPintores alemanes _9797 |
| 902 | _aGFM | ||
| 942 |
_2lcc _cB |
||
| 999 |
_c4778 _d4778 |
||